Ephesians; vol. 2. (Record no. 1849)

000 -LEADER
fixed length control field 00727nam a2200217 a 4500
001 - CONTROL NUMBER
control field :::00018097$&:&@@
003 - CONTROL NUMBER IDENTIFIER
control field OkBaRHE
005 - DATE AND TIME OF LATEST TRANSACTION
control field 20100327130748.0
008 - FIXED-LENGTH DATA ELEMENTS--GENERAL INFORMATION
fixed length control field s1974 j 000 0 eng u
020 ## - INTERNATIONAL STANDARD BOOK NUMBER
International Standard Book Number 0385044127
040 ## - CATALOGING SOURCE
Transcribing agency
245 10 - TITLE STATEMENT
Title Ephesians; vol. 2.
Statement of responsibility, etc Introduction, translation, and commentary by Markus Barth.
250 ## - EDITION STATEMENT
Edition statement [1st ed.]
260 ## - PUBLICATION, DISTRIBUTION, ETC. (IMPRINT)
Place of publication, distribution, etc Garden City, NY., :
Name of publisher, distributor, etc Doubleday
Date of publication, distribution, etc 1974
300 ## - PHYSICAL DESCRIPTION
Extent v. (1-2) (xxxiv, 849 p.) ;
Dimensions 25 cm.
490 0# - SERIES STATEMENT
Series statement The Anchor Bible, v. 34-34A.
650 ## - SUBJECT ADDED ENTRY--TOPICAL TERM
Topical term or geographic name as entry element Bible New Testament Ephesians
General subdivision Commentaries
700 ## - ADDED ENTRY--PERSONAL NAME
Personal name Barth, Markus, Ed.
942 ## - ADDED ENTRY ELEMENTS (KOHA)
Source of classification or shelving scheme
Koha item type Books
Copies
Withdrawn status Not for loan Damaged status Shelving location Source of classification or shelving scheme Permanent Location Koha item type Barcode Full call number Copy number Lost status Price effective from Date acquired Date last seen Collection code
   General Stacks RHEMA Bible Training CollegeBooks18097BS 2695 .B31 2010-04-142010-04-142018-04-03Reference